| 000 | 00371nam a2200145Ia 4500 | ||
|---|---|---|---|
| 005 | 20250729165724.0 | ||
| 008 | 250729s2012 xx 000 0 und d | ||
| 041 | _aeng | ||
| 082 | _a510 KULT | ||
| 100 |
_aDr.A K Kulshresta _9231397 |
||
| 245 | _aTeaching of mathematics | ||
| 260 |
_aMeerut _bR Lall Book Depot _c2012 |
||
| 300 | _a536p | ||
| 650 |
_aMathematics _9231398 |
||
| 999 |
_c239261 _d239261 |
||